000 01043cam a2200301 i 4500
001 14310242
003 EG-ScBUE
005 20250311094343.0
008 060322t2007 caua f b 001 0 eng d
020 _a1891389238 (alk. paper)
020 _a9781891389238 (alk. paper)
040 _aDLC
_beng
_erda
_cDLC
_dYDX
_dBAKER
_dBTCTA
_dYDXCP
_dDLC
_dEG-ScBUE
082 0 4 _a530.12
_222
_bTAN
100 1 _aTannor, David Joshua,
_d1958-
_eauthor.
_939603
245 1 0 _aIntroduction to quantum mechanics :
_ba time-dependent perspective /
_cDavid J. Tannor, Weizmann Institute of Science.
264 1 _aSausalito :
_bUniversity Science Books,
_c[2007]
264 4 _cc2007
300 _axxiv, 662 pages :
_billustrations ;
_c26 cm
336 _2rdacontent
_atext
_btxt
337 _aunmediated
_2rdamedia
_bn
338 _avolume
_bnc
_2rdacarrier
504 _aIncludes bibliographical references and index.
650 7 _aQuantum theory.
_2BUEsh
_91883
651 _2BUEsh
653 _bPPhrm
_cMarch2016
655 _vReading book
942 _2ddc
_cBB
999 _c21453
_d21425